| 000 | 00841cab a22002055a 4500 | ||
|---|---|---|---|
| 001 | L143323 | ||
| 008 | 080425e20080417xxk f 000 0 eng d | ||
| 035 | _a(Sirsi) u143323 | ||
| 041 | 0 | _aeng | |
| 100 | 1 | _aReisner, Alasdair | |
| 245 | 0 | 0 | _aCan college plans deliver change? |
| 260 | _c2008 | ||
| 490 | 0 |
_aConstruction News _v(7064) 17 April 2008, 22-23(2) |
|
| 520 | _aAnalyses the UK Government's Building Colleges for the Future programme, an education building programme. Explains that under the scheme, 150 colleges are to be upgraded and must have zero-carbon status. Presents table detailing college projects in England, with cost and very brief project description. | ||
| 590 | _aKA | ||
| 650 | 2 | 4 | _aBUILDING COLLEGES FOR THE FUTURE |
| 651 | 4 |
_aEngland _y886- |
|
| 690 | _aBUILT ENVIRONMENT-CONSTRUCTION MARKET | ||
| 942 | _n0 | ||
| 999 |
_c80140 _d80140 |
||